00721nam a2200241 a 4500001001300000003000900013005001700022008004100039020002300080082001500103100001800118245006100136260004400197300000900241500003500250650001500285650001100300700001800311902000800329942000700337952011800344999001700462nice12345678IN_TiNIC20260116014955.0080417s1997 mica grp 000 0 eng  a0802842909 c10000a224.1bDAW aDawn, Marva J aTo Walk and Not Faintb A Month of Meditations on Isaiah aMichiganbWilliam B.Eerdmans Pub c1997 a189p aincludes index and biblioraphy aBible O.T. aIsaiah1 aDawn, Marva J bSRS cBK 001040708StackRoom-aHMIbHMId2008-04-17g100.00l0o224.1 DAWp11001874r2008-04-17v100.00w2008-04-17yBK c17791d17791